000 00636nam a2200205Ii 4500
003 JO-AjNU
008 230605s9999||||xx |||||||||||||| ||und||
040 _aJO-AjNU
_bara
_erda
_cJO-AjNU
041 _aara
050 1 4 _aBP188.15 2005
100 3 _aبن محمد، سفيان بن عايش,
_eauthor
_939719
245 0 0 _aالألفاظ المسمومة
250 _aط1
264 3 1 _aعمان:دار ابن الجوزي ،2005
300 _a95ص
336 _atext
_btxt
_2rdacontent
337 _aunmediated
_bn
_2rdamedia
338 _avolume
_bnc
_2rdacarrier
650 4 _aوعظ وارشاد-اخلاق اسلامية
_939720
999 _aA16799
_c20367
_d20367